000 00185 a2200097 4500
020 _a9780545760898
041 _aspa
100 _aGrace Norwich
245 _aSoy Cleopatra
942 _cBK
999 _c14899
_d14899